000 00901nam a2200265 i 4500
003 DO-SdBNP
005 20250625111152.0
007 ta
008 241010s1978 dr 000 0 spa d
040 _aDO-SdBNP
_bspa
_cBNPHU
_erda
082 4 _axxx
_bT314
_222
245 0 3 _aLa teoría de los tres mundos y el marxismo /
250 _aSegunda edición
264 1 _aSanto Domingo :
_bEdiciones Socialistas,
_c1978.
300 _a52 páginas ;
_c21 cm.
336 _atexto
_btxt
_2rdacontent
337 _asin mediación
_bn
_2rdamedia
338 _avolumen
_bnc
_2rdacarrier
500 _aMovimiento de liberación nacional-Corecato.
500 _aSegunda conferencia Nacional de Cuadros.
586 _aPrimer premio ensayo: periódico "La noticia", en conmemoración X aniversario de la Revolución de abril.
590 _aInventariado, 2024/ YL
910 _aYLockward
942 _2ddc
_cLBS1
999 _c57820
_d57820